书目信息 |
| 题名: |
经济规律的探索
|
|
| 作者: | 张薰华 著 | |
| 分册: | ||
| 出版信息: | 上海 复旦大学出版社 2000.12 |
|
| 页数: | 395页 | |
| 开本: | 32开 | |
| 丛书名: | ||
| 单 册: | ||
| 中图分类: | F012 | |
| 科图分类: | ||
| 主题词: | 经济规律--理论研究 | |
| 电子资源: | ||
| ISBN: | 7-309-02729-9 | |
| 000 | 00635nam0 2200205 45 | |
| 001 | 0211261473 | |
| 005 | 20031219104101.5 | |
| 010 | @a7-309-02729-9@dCNY25.00 | |
| 100 | @a20021126d2000 km y0chiy0120 ea | |
| 101 | 0 | @achi |
| 105 | @aa z 000yy | |
| 200 | 1 | @a经济规律的探索@AJing Ji Gui Lu De Tan Suo@e张薰华选集@EZhang Xun Hua Xuan Ji@f张薰华著@FZhang Xun Hua Zhu |
| 210 | @a上海@c复旦大学出版社@d2000.12 | |
| 215 | @a395页@c照片@d32开 | |
| 517 | @a张薰华选集@AZhang Xun Hua Xuan Ji | |
| 606 | 0 | @a经济规律@x理论研究 |
| 690 | @aF012@v4 | |
| 701 | @a张薰华@4著 | |
| 801 | @aCN@bTSTC@c20021126 | |
| 905 | @b318197-201@dF012@e160@f5 | |
| 经济规律的探索:张薰华选集/张薰华著.-上海:复旦大学出版社,2000.12 |
| 395页:照片;32开 |
| ISBN 7-309-02729-9:CNY25.00 |
| ● |
| 相关链接 |
|
|
|
|
正题名:经济规律的探索
索取号:F012/160
 
预约/预借
| 序号 | 登录号 | 条形码 | 馆藏地/架位号 | 状态 | 备注 |
| 1 | 0318197 | 203181975 | 第一借阅区/ [索取号:F012/160] | 在馆 | |
| 2 | 0318198 | 203181984 | 密集书库/ [索取号:F012/160] | 在馆 | |
| 3 | 0318199 | 203181993 | 密集书库/ [索取号:F012/160] | 在馆 | |
| 4 | 0318200 | 203182000 | 第一借阅区/ [索取号:F012/160] | 在馆 | |
| 5 | 0318201 | 203182019 | 第一样本阅览室/ [索取号:F012/160] | 在馆 |